000
00202 a2200097 4500
001
8559
100
_a
Qadrat Ullah Shahab
245
_a
Surakh Feeta
260
_a
_b
Sang-e-Meel
_c
090
_c
6886
_d
6886
942
_a
NUST-CAE
_c
M
_c
33473
999
_c
243632
_d
243632